000 00696nam a2200241Ia 4500
003 OSt
005 20220923220914.0
006 a|||||r|||| 00| 0
007 ta
008 220922b |||||||| |||| 00| 0 hin d
024 _a192,042
037 _cTextual
040 _aARTS
_cARTS
_bhin
041 _2hin
_ahin
082 _aS5, 152M5
100 _aचतुरसेन
_9156280
245 0 _aयुवक युवतियों से
246 _aYuvak yuvatiyoan se
260 _aदिल्ली
_b प्रभात प्रकाशन
_c1985
300 _a151पृ.
_ccm.
942 _hS5, 152M5
_cTEXL
_2CC
999 _c344688
_d344688